| 000 | 00507nam a2200169Ia 4500 | ||
|---|---|---|---|
| 999 |
_c36851 _d36851 |
||
| 003 | OSt | ||
| 005 | 20210122115234.0 | ||
| 008 | 190216s9999||||xx |||||||||||||| ||und|| | ||
| 040 | _coclc | ||
| 082 |
_a001 _bTHO/C |
||
| 100 |
_aThorpe, Edgar _96395 |
||
| 245 | 0 |
_aConcise General Knowledge Manual 2007 / _cEdgar Thorpe ; Showick Thorpe |
|
| 260 |
_bPearson Education Asia, _aNew Delhi: _c2007. |
||
| 300 | _a406p | ||
| 650 | _aReferences | ||
| 942 |
_cREF _2ddc _h001 _iTHO/C _k001 _mTHO/C |
||